000 01369nam a22001577a 4500
041 _aukr
080 _a09
090 _bНИЧ
100 _aНичипорук Л. М.
245 _aМистецтво лаконізму в прозі Ернеста Хемінгуея.
260 _aОстрог
_bКАФ
_c2004
300 _a63
520 _aРозділ 1. Лаконізм Ернеста Хемінгуея як вироблена система художніх прийомів. 1.1. Особливості хемінгуеївського стилю. 1.2. Внутрішній монолог як основний елемент хемінгуеївської поетики. Розділ 2. Проблематика повісті Ернеста Хемінгуея "Старий і море". 2.1. Самотність строї людини як норма американського індивідуалізму. 2.2. Трактування снів. 2.3. Стара людина і мораль. Розділ 3. Антивоєнний роман Ернеста Хемінгуея "Прощавай, зброє!". 3.1. Людина "втраченого покоління". 3.2. Ритмічність прози як стильова ознака.
_0Лаконізм, стиль, проблематика
650 _aResearch Papers
999 _c282551
_d282551
942 _cBK